000 00501nam a2200145 4500
001 113975
003 ES-MaACL
005 20230906190040.0
007 t|
008 061121s1946 sp r ||||1| spa d
245 0 0 _aNormas especiales de trabajo para la industria textil algodonera, dedicada al aprovechamiento de desperdicios
_b: orden del Ministerio de Trabajo de 12 de Julio.
260 _aMadrid :
_bGarcĂ­a Eneiso,
_c1946.
300 _a31 p. ;
_c15 cm.
852 _aES-MaACL
_j1871-F-7
_bR.23100
999 _c113975
_d113975